00462nam a2200193 a 4500001001300000003000900013005001700022008004100039020001000080082001500090100001800105245003000123260003200153300000900185500003500194505001000229650001100239700001800250nice12345678IN_TiNIC20260116011534.0050524s1939 lona grp 000 0 eng  ac10000a264.1bHUL aHull, P Walta aIn This Manner We Pray Ye aLondonbEpworth Pressc1939 a189p aincludes index and biblioraphy2 aIndex aPrayer1 aHull, P Walta